[Event "GRE-ch 48th"]
[Site "Athens"]
[Date "1998.12.15"]
[Round "3"]
[White "Banikas, Hristos"]
[Black "Halkias, Stelios"]
[Result "1-0"]
[WhiteElo "2490"]
[BlackElo "2435"]
[Annotator "Tsesarsky,I"]
[PlyCount "119"]
[EventDate "1998.12.08"]
[EventType "tourn"]
[EventRounds "11"]
[EventCountry "GRE"]
[EventCategory "7"]
[SourceTitle "CBM 069"]
[Source "ChessBase"]
[SourceDate "1999.04.01"]
[SourceVersion "1"]
[SourceVersionDate "1999.04.01"]
[SourceQuality "1"]

{[%mdl 16432]} 1. g3 e6 2. Bg2 c5 3. Nf3 Nc6 4. c4 Nf6 5. O-O d5 6. cxd5 exd5
7. d4 Be7 8. dxc5 Bxc5 9. Bg5 O-O 10. Nc3 d4 11. Bxf6 Qxf6 12. Ne4 $6 $11 (12.
Nd5 Qd8 13. Nd2 {Theory}) 12... Qe7 13. Nxc5 Qxc5 14. Ne1 (14. Nd2 Be6 (14...
Qh5 15. Re1 (15. Nb3 Bg4 16. f3 (16. Re1 Rad8 17. Rc1 d3 18. f3 dxe2 19. Qxe2
Be6 $11) 16... Be6 17. Nxd4 Rfd8 18. e3 Qe5 19. Re1 Nxd4 $11) 15... Bg4 16.
Bxc6 bxc6 17. f3 Be6 18. Qa4 Qe5 (18... c5 19. Rac1 Rfe8 20. Qa3 Rac8 21. Ne4
Qe5 (21... d3 $2 22. Qxd3 Bf5 23. Qd5 $18 {1-0 Szilagyi,G-Minev,N/Moscow 1960 
(25)}) 22. Rxc5 Rxc5 23. Qxc5 Qxc5 24. Nxc5 Bxa2 $11) 19. Rad1 c5 $15) (14...
Bg4 15. Nb3 Qb6 (15... Qh5 $11) 16. Bxc6 bxc6 17. Qxd4 Bxe2 18. Rfc1 Bf3 19.
Qxb6 axb6 20. Nd4 Bd5 21. Nxc6 Bxa2 $11 {1/2-1/2 Roesch,A-Stettler,M/
Chemnitz-Leipzig 1992 (23)}) (14... Rd8 15. Qa4 (15. Rc1 Qh5 16. Re1 Bg4 17.
Bxc6 bxc6 18. f3 Be6 $132 (18... Bd7 $6 19. Nb3 $14 (19. Ne4 $6 Be8 (19... Qd5
20. Qa4 Be8 $11) 20. Rc5 Rd5 21. Qxd4 Qxh2+ (21... Rxd4 22. Rxh5 a5 23. Rc1 $16
{1-0 Sandor,B-Szilagyi,G/Budapest HUN ch 1950 (48)}) 22. Kxh2 Rxd4 23. Rec1 f6
$132))) (15. Nb3 Qe7 (15... Qb6 16. Qd2 Be6 17. Nc1 a5 18. Nd3 Rac8 19. Nf4 Nb4
20. Nxe6 fxe6 21. Be4 Kh8 (21... d3 $5 22. exd3 Rc2 23. Qe3 Qxe3 24. fxe3 Rxb2
25. a3 Nc2 (25... Nxd3 26. Rad1 Rb3 27. Rd2 Rxa3 28. Rfd1 b5 29. Bxd3 Rb8 30.
Kf2 $16) 26. Rab1 Rxb1 27. Rxb1 Nxe3 28. Rxb7 Rf8 $11) 22. a3 Na6 23. Rab1 Nc5
24. Bc2 a4 {1/2-1/2 Dolansky,J-Pacvon,M/Morava-chJM Valtice ,EXT 1991 (24)})
16. Qd2 Be6 17. Rac1 Bd5 18. Nc5 Bxg2 19. Kxg2 Rd5 20. Nd3 Re8 21. Rfe1 $11 {
1/2-1/2 Aleksandrov,A-Giorgadze,G/Pula 1990 (46)}) 15... Bg4 16. Rfe1 b5 17.
Qa6 Nb4 18. Qa5 Nc6 19. Nb3 Nxa5 20. Nxc5 Rac8 21. b4 Nc4 22. h3 Bh5 $11 {
1/2-1/2 Marinelli,T-Mircov,N/Bucharest-B ,EXT 1992 (61)}) 15. Nb3 Qb6 16. Qc2
Rfe8 17. Rfd1 Rad8 18. Rd2 Bg4 19. h3 Be6 $11 (19... Rxe2 $4 20. Rxe2 d3 21.
Qxd3 {1-0 Pomar-Nejkirch/Madrid zt 1960 (21)})) (14. Qd2 Bg4 (14... Bf5 15.
Rac1 (15. b4 Nxb4 (15... Qxb4 16. Qxb4 Nxb4 17. Nxd4 Bg6 18. a3 $16) 16. Nxd4
Rfd8 17. e3 Qb6 $132) 15... Qb6 16. Rfd1 Rfe8 $11) (14... Rd8 15. Rac1 Qe7 (
15... Qb5 16. Ne1 Be6 17. b3 Ne5 18. Rc7 Rab8 19. Nd3 Nxd3 20. exd3 Rd7 21.
Rfc1 $11 {1-0 Anastasian,A-Tavadian,R/Erevan 1983 (36)}) 16. a3 a5 17. Rfe1 Bf5
18. Qg5 Qe6 19. Qf4 Bg6 20. Nh4 Ne5 21. Nxg6 hxg6 22. Be4 $14 {1-0 Petrosian,
T-Estrin,Y/Moscow ch-city 1951 (41)} (22. Bxb7 Rab8 23. Be4 Rxb2 24. Rc5 d3 25.
Rxe5 d2 26. Rf1 Qb3 27. Rd5 Rxd5 28. Bxd5 Qxd5 29. Rd1 $11)) 15. h3 (15. Rfc1
Qb6 16. h3 Bxf3 17. Bxf3 Ne5 18. Be4 Rad8 19. Qc2 Qh6 20. Qc7 Rfe8 21. Rc5 Qe6
22. Qxb7 Qxh3 $132 {1/2-1/2 Dzindzichashvili,R-Lein,A/URS-ch39 Leningrad 1971 
(41)}) (15. Rac1 Qb6 16. Ng5 $5 Rad8 $1 (16... h6 17. Ne4 Rfe8 18. Rfe1 Rad8
19. Nc5 $11) 17. Qf4 (17. Qd3 g6 $11) 17... Bh5 18. Qh4 (18. Nxh7 Kxh7 (18...
Rfe8 19. Ng5 Qxb2 (19... Rxe2 20. Bf3 $1 $18 {[%csl Re2,Rf7,Rh5]}) 20. Bf3 Bg6
21. Rb1 $1 {[%csl Rf7]} Qxa2 22. Rxb7 Ne5 $132) 19. Qh4 g6 (19... Qa5 20. g4
Rfe8 21. Bf3 d3 $1 $132) 20. g4 Kg7 21. gxh5 Rh8 $11) 18... Bg6 19. Be4 $11 {
1/2-1/2 Ivkov,B-Keres,P/Belgrade URS-World 1970/ (48)}) (15. Rfd1 Rad8 16. Qf4
Bc8 17. Rac1 Qb6 18. Rd2 f6 19. h4 Be6 20. b3 Rf7 21. Ne1 $14 {Time 0-1. 0-1
Wexler-Keres/Buenos Aires 1964 (34)}) 15... Bxf3 (15... Bh5 16. Rac1 Qb6 17.
Nh4 (17. Ng5 Rfe8 18. Rfe1 Bg6 19. Rc4 h6 20. Bxc6 bxc6 21. Nf3 c5 22. b4 (22.
Qc1 Qe6 23. Rxc5 Qxh3 24. Nxd4 Be4 25. Nf3 g5 26. Rc4 $1 (26. Rc7 $2 g4 $1 (
26... Re5 $4 27. Rxf7 $1 $16 {0-1 Gruber,T-Dittmar,P/Wuert-ch Schramberg ,GER
1993 (41)}) 27. Qf4 (27. Qc4 Re6 28. Rc8+ Rxc8 29. Qxc8+ Kg7 30. Qc3+ Rf6 $19)
27... Bd5 28. Qf5 Be6 $19) 26... Rab8 $132 (26... g4 27. Rxe4 Rxe4 28. Nh4 $16
{[%csl Rh3]})) 22... Qe6 23. Rxc5 Qxh3 24. Qxd4 $14) 17... Rfe8 18. Rfe1 Rad8
19. b3 Qb5 20. Rc4 Qe5 21. g4 Qf6 22. Bxc6 bxc6 23. Nf3 Bg6 24. Rxd4 $16 {
1-0 Kron,V-Bezgodov,A/URS-chClub Pavlodar ,EXT 1991 (61)}) 16. Bxf3 Rfe8 17.
Rac1 Qb5 18. b3 Rad8 19. Rc4 Qf5 $132 (19... d3 20. Bxc6 (20. exd3 Ne5 21. Rf4
Rxd3 22. Be2 Rxd2 23. Bxb5 $11) 20... dxe2 21. Qxe2 (21. Bxb5 $4 Rxd2 22. Re1
Rd1 23. Kg2 Rxe1 24. Bxe8 Rg1+ {0-1 Uogele-Goldenberg/cr 1983/Inf 03 (24)})
21... Qxc6 22. Rxc6 Rxe2 23. Rc7 $11)) (14. Rc1 Qb6 15. Qc2 h6 16. b3 (16. Rfd1
Bg4 17. Rd2 Rac8 18. Rcd1 Rfe8 19. h3 Ne5 20. Qb3 Qxb3 21. axb3 Nxf3+ {1/2-1/2
Khasin,A-Aronin,L/URS-ch24 Moscow 1957 (93)}) 16... Re8 17. Rfd1 Bg4 18. h3 Be6
19. Qc5 Qa6 20. b4 Qxa2 21. b5 Na5 22. Rd2 Nb3 23. Rxa2 Nxc5 24. Ra3 Nb3 25.
Rd1 Bc4 26. Nxd4 Nxd4 27. Rxd4 Bxb5 28. Bxb7 {1/2-1/2 Andersson,U-Sosonko,G/
Bad Lauterberg 1977 (28)}) 14... Bf5 (14... Be6 15. Nd3 Qb6 16. Qd2 Rfd8 17.
Rfc1 Bd5 18. Rc5 Bxg2 19. Kxg2 Rd6 20. Rac1 Re8 21. b4 $14 {1/2-1/2
Foguelman-Maldonado,O/Buenos Aires ch-ARG 1972 (41)}) (14... Re8 15. Nd3 Qd6 (
15... Qb6 16. Qd2 Bf5 (16... Bg4 17. Rfe1 Rac8 18. Rac1 Qa5 19. b4 Qa3 20. Bd5
Be6 21. Bxe6 fxe6 22. Rc4 a5 23. Rec1 $14 {1-0 Muender,M-Asendorf,J/BL2N 1988 
(43)}) 17. Rac1 Be4 18. Rfe1 Bxg2 19. Kxg2 Rad8 $14 {0-1 Wong Meng Leong-Xu,J/
Thessaloniki olm ,BIG 1984 (37)}) 16. Qd2 (16. Rc1 Bg4 17. Re1 Rad8 18. Qd2 Re7
19. h3 Be6 20. a3 Bd5 21. Qf4 Qxf4 22. Nxf4 Bxg2 23. Kxg2 $14 {1/2-1/2 King,
D-Balashov,Y/BL2W 1993 (30)}) 16... Bf5 17. Rac1 Be4 18. Rc2 Bxg2 19. Kxg2 Re7
20. Rfc1 Rae8 21. Nf4 g5 (21... Re5 $2 $132 {0-1 Foerster,A-Bartelborth,T/BL
1984 (33)}) 22. Nd3 (22. Nh3 Qd5+ 23. f3 Rxe2+ (23... Re3 $5 $17) 24. Qxe2
Rxe2+ 25. Rxe2 g4 26. Ng1 Ne5 $17) 22... Qd5+ 23. Kg1 Rxe2 24. Qxe2 Rxe2 25.
Rxe2 Qxa2 $17) 15. Nd3 Qb6 16. b4 (16. Qd2 Rfe8 17. Rfe1 Be4 18. Rac1 {1/2-1/2
Litus,V-Korsunsky,Y/Moscow VDFSO 1992 (18)}) 16... Rfe8 17. a3 a5 18. bxa5 Rxa5
19. Qd2 Rb5 20. a4 Rb3 21. Bd5 Rc3 22. Qf4 (22. e4 Bg6 (22... Bxe4 23. Rae1 Ne5
24. Bxe4 Rxd3 25. Bxd3 Nf3+ 26. Kg2 $18) (22... Qa6 23. exf5 Rxd3 24. Qa2 $16)
23. f3 Rd8 24. Rab1 Qa7 25. Nf4 $132) 22... Bg6 $5 (22... Ne7 23. Rfb1 Nxd5 24.
Qxf5 Qc6 $11) 23. Rfb1 (23. a5 $2 Qd8 (23... Nxa5 24. Ne5 $16) 24. Bxc6 Rxc6
$15) 23... Qa5 $2 $16 (23... Qd8 $1 $132) 24. Bxc6 Rxc6 25. Rxb7 h6 (25... Rce6
26. Ra2 $16) 26. Rb5 Qa7 (26... Qa8 27. Qxd4 Rxe2 28. Nf4 Ra2 29. Nxg6 Rxa1+
30. Qxa1 Rxg6 31. a5 $16) 27. Re5 Rec8 28. Rd5 (28. Nb4 Rc5 29. a5 $16) 28...
Qe7 29. Ne5 Rf6 $6 $18 (29... Rc2 30. Qxd4 Rxe2 31. Nxg6 fxg6 32. Rd7 Qf8 33.
a5 $16) 30. Qxd4 Bf5 31. Ng4 Bxg4 32. Qxg4 Rc2 33. Re1 Re6 34. Kf1 (34. e4 $6
Rc4 35. a5 Rcxe4 36. Rxe4 Rxe4 $16) 34... Re4 35. Rd8+ Kh7 36. Qf3 $1 Rc5 (
36... Rcxe2 37. Rxe2 Rxe2 38. Qxe2 Qxd8 39. Qe4+ $18) 37. Qd3 f5 38. Rd5 (38.
Rd4 $18) 38... Rcc4 39. Rxf5 Rcd4 40. Qf3 Rxa4 41. Rf7 Qe6 42. Qf5+ Qxf5 43.
Rxf5 Kg6 44. Rd5 Ra2 45. e3 Rc4 46. Rd4 $6 (46. Kg2 Rcc2 47. Rf1 Kf6 48. h4 Ke6
49. Rb5 Kf6 (49... g6 50. h5 $18) 50. h5 Ke6 51. g4 Kf6 52. Rf5+ Ke6 53. Rb1
$18) 46... Rxd4 47. exd4 Rd2 48. Re4 Kf5 49. Rf4+ Ke6 50. Ke1 Ra2 51. h4 g5 (
51... Kd5 52. Rg4 $18) 52. Re4+ Kf5 53. Re5+ Kf6 54. hxg5+ hxg5 55. g4 Ra4 56.
Rf5+ Kg6 57. Rd5 Ra2 58. f3 Rb2 59. Rf5 Ra2 60. d5 1-0

[Event "New York op"]
[Site "New York"]
[Date "1998.03.17"]
[Round "3"]
[White "Vaisser, Anatoli"]
[Black "Stripunsky, Alexander"]
[Result "1/2-1/2"]
[WhiteElo "2595"]
[BlackElo "2475"]
[Annotator "Tsesarsky,I"]
[PlyCount "120"]
[EventDate "1998.03.16"]
[EventType "swiss"]
[EventRounds "9"]
[EventCountry "USA"]
[SourceTitle "CBM 064"]
[Source "ChessBase"]
[SourceDate "1998.06.02"]
[SourceVersion "1"]
[SourceVersionDate "1998.06.02"]
[SourceQuality "1"]

1. d4 d5 2. c4 e6 3. Nc3 c5 4. cxd5 exd5 5. Nf3 Nc6 6. g3 Nf6 7. Bg2 Be7 8. O-O
O-O 9. dxc5 Bxc5 10. Bg5 Be6 11. Bxf6 Qxf6 12. Nxd5 Qxb2 13. Nc7 Rad8 14. Qc1
Qxc1 15. Raxc1 b6 (15... Bb6 16. Nxe6 fxe6 17. e3 h6 18. Rc4 (18. Rfd1 Kf7 19.
Nd2 Ne5 20. Ne4 Ke7 21. Rxd8 Rxd8 22. Kf1 Rd5 23. Ke2 Nc6 24. Nd2 Ra5 25. Bxc6
bxc6 26. Rc2 $14 {1-0 Slipak,S-Bere,R/Copa Itau Mercosul, Sao Paulo BRA 1997 
(37)}) 18... Rd6 19. Re4 Bc5 20. h4 b6 21. Rb1 a5 22. Rb2 Rd1+ 23. Kh2 Rd6 24.
Kg1 Rd1+ 25. Kh2 Rd6 26. g4 g6 27. Kg3 Kg7 28. Nd2 Nb4 29. Nc4 {1-0 Tsesarsky,
I-Damjanovic,M/6th Tel-Aviv International 1991}) 16. Nxe6 fxe6 17. Bh3 (17. Rc4
$6 Nd4 18. Nxd4 Rxd4 19. Rxd4 Bxd4 20. e3 Bc5 21. Rd1 Rf7 $11 {1/2-1/2
Petrosian,T-Spassky,B/Moskva (m16) 1969 (31)}) (17. e3 $1 h6 18. Rfd1 (18. Rc4
$1 Rd6 (18... Rxf3 $5 19. Bxf3 Ne5 20. Bg4 $1 Nxc4 21. Bxe6+ Kf8 22. Bxc4 Rd2 {
+/- Barbero,G-Messa,R/Dubai (ol) 1986} (22... Rd2 23. Re1 $1 {/\ 24. Kg2, 24.
Re2+/-_|_ Barbero,G})) 19. h4 $6 (19. Re4 Rf5 (19... Rfd8 20. h4 Kf7 $14) 20.
h4 Kf7 21. Kh2 Ke7 22. g4 $1 $14 {Ftacnik,L 1-0 Huzman,A-Stripunsky,A/
Ukraina-ch Simferopol 1990 (40)}) 19... Rxf3 $1 20. Bxf3 Ne5 21. Be2 Nxc4 22.
Bxc4 $11 {1/2-1/2 Raetsky,A-Stripunsky,A/Katowice open 1992 (23)}) (18. Rc2 Nb4
19. Rc4 $132) 18... Rxd1+ 19. Rxd1 Rd8 $11 {1/2-1/2 Smyslov,V-Vaganian,R/
Buenos Aires ClA 1978 (24)}) 17... e5 $5 (17... Rf6 18. Rc4 (18. Ng5 Nd4 19.
Kg2 (19. Kh1 Nxe2 20. Bxe6+ Rxe6 21. Nxe6 Rd6 22. Nxc5 Nxc1 23. Rxc1 bxc5 24.
Rxc5 Rd2 25. Ra5 Rxf2 26. Rxa7 $14 {1/2-1/2 Palatnik,S-Vera,R/Capablanca mem-A
1985 (40)}) 19... Rg6 20. e3 Rxg5 21. exd4 Rxd4 {1/2-1/2 Sosonko,G-Hort,V/
Waddinxveen 1979}) 18... h6 19. Re4 Kf7 20. Rc1 Rd5 21. Bg2 Ke7 22. Rg4 g5 23.
h4 Ne5 24. Ra4 b5 25. Re4 Nc4 $11 {1/2-1/2 Hoi,C-Onkoud,A/32nd ol, Yerevan ARM
1996 (28)}) (17... Rfe8 18. Rfd1 (18. Ng5 Nd4 19. Bg4 Rd5 20. h4 h6 21. Ne4 h5
22. Bf3 Nxf3+ (22... Re5 23. Rc4 Rc8 24. Kg2 $14 {1-0 Fancsy,I-Schroter,T/
Gyor-J 1991 (31)}) 23. exf3 Red8 24. Kg2 Be7 25. Rc7 R8d7 $11 {1/2-1/2
Lechtynsky,J-Espig,L/Halle 1981 (36)}) 18... Nd4 19. Nxd4 Rxd4 20. Rxd4 Bxd4
21. Rc8 Kf7 22. Rxe8 Kxe8 23. e3 Bb2 24. Bxe6 $14 {Lechtynsky,J-Lukov,V/
Polanica Zdrój 1983/1/2-1/2 (60)}) 18. Ng5 $1 $14 (18. Kg2 $5 Rd6 (18... Nd4
19. Nxe5 Rfe8 (19... Nxe2 20. Be6+ Kh8 21. Rc4 $16) 20. Nd7 (20. f4 Nxe2 $11)
20... Nxe2 21. Rc4 Bd4 22. Rd1 Bb2 23. Rd2 Ba1 24. Rc7 $16) 19. e3 h6 20. Rc4
Kf7 $1 21. Rb1 Rfd8 $11) 18... Nd4 19. Bg4 $1 (19. Be6+ Kh8 20. Kg2 (20. Nf7+
$4 Rxf7 21. Bxf7 Nxe2+ 22. Kg2 Nxc1 23. Rxc1 Rf8 $19) 20... Nxe2 21. Rce1 Rd2
22. Nf7+ Kg8 23. Nxe5+ Kh8 24. Nf7+ Kg8 25. Nd6+ Kh8 26. Ne4 Rb2 27. Rb1 (27.
Nxc5 bxc5 28. Rb1 Rb6 $1 $11 (28... Rfb8 $6 29. Rxb2 Rxb2 30. Re1 g6 31. Bc4
Nc3 32. Re8+ Kg7 33. Re7+ Kh8 34. Rxa7 Nd1 35. Re7 (35. Rf7 $4 Ne3+ $19) 35...
Nxf2 (35... Rxf2+ 36. Kh3 Nb2 37. Bb5 c4 38. Rc7 $16) 36. Kf3 Nh3 37. Ke4 Rxh2
38. Kd5 Rg2 39. Re3 $14)) 27... Bd4 28. Rxb2 Bxb2 29. Rb1 Bd4 30. Re1 Nc3 $11)
19... h6 20. Ne4 (20. Ne6 Nxe6 21. Bxe6+ Kh7 $11) 20... Ba3 21. Rc3 (21. Rc7
Rf7 $11) 21... Bb4 (21... Nb5 $2 22. Rb3 a6 (22... Nd6 23. Rxa3 Nxe4 24. Rxa7
$16) 23. e3 Be7 24. Be2 Nd6 25. Nxd6 Rxd6 26. Bxa6 $16) 22. Rc4 $6 $11 (22. Rc7
$1 Nb5 $5 (22... Rf7 23. Rfc1 Ba3 (23... a5 24. e3 $16) 24. R1c3 Bb4 25. R3c4
Bd6 (25... a5 26. e3 Nb5 27. R7c6 Na3 28. Rc1 Rb7 29. Bc8 Rb8 30. Be6+ $16) 26.
Rc8 Rff8 27. Nxd6 Rxd6 28. f4 $1 Rg6 (28... exf4 $2 29. Rxd4 Rxd4 30. Be6+ $18)
29. Bh3 (29. Bh5 Re6 30. e3 Nb5 (30... Nf5 31. Rxf8+ Kxf8 32. Bg4 $18) 31. fxe5
(31. Bf3 Ree8 $8 32. Rxe8 Rxe8 33. Re4 Nc3 34. Rc4 (34. Rxe5 Rxe5 35. fxe5 Kf7
$17) 34... Nxa2 35. Rc7 Nb4 36. Rxa7 exf4 37. exf4 $11) 31... g6 $1 $11) 29...
b5 (29... Nxe2+ 30. Kf2 Nd4 31. Ke3 $1 $16) 30. Rxf8+ Kxf8 31. Rc8+ Ke7 32. e3
$1 (32. Rc7+ Kd6 33. Rxa7 Nxe2+ (33... exf4 34. Ra6+ $18) 34. Kf2 Nd4 35. Rd7+
(35. Ke3) 35... Kc5 36. fxe5 Ra6 $1 37. Ke3 $1 Nc2+ 38. Kd3 (38. Ke4 Ra4+ 39.
Kf3 Rxa2 40. e6 Nd4+ 41. Ke4 Nc6 (41... Re2+ $2 42. Kd3 Rxh2 (42... Rxe6 43.
Rxd4 $18) 43. e7 Re2 44. Bg2 $1 $18 (44. Rxd4 Rxe7 $16)) 42. Bf1 Ra4+ 43. Ke3
g5 44. Bd3 (44. e7 Ra8 $11) 44... Ra8 45. Be4 Ra3+ $11) 38... Nb4+ 39. Ke4 Rxa2
40. Rc7+ Kb6 41. Rxg7 Rxh2 (41... Re2+ 42. Kf3 Rxe5 43. Rg6+ Kc5 44. Rxh6 $16)
42. Rg6+ Kc5 43. Rxh6 Re2+ 44. Kf5 Nc6 45. e6 Kd6 46. Kf6 Re3 $11) 32... Nc6 (
32... Nf3+ 33. Kf2 Nxh2 34. Rc7+ Kf8 35. Rxa7 exf4 36. gxf4 Ng4+ 37. Bxg4 Rxg4
38. Ra5 Rh4 39. Kg3 Rh1 40. Rxb5 $16) 33. Rc7+ Kd6 34. Rd7+ Kc5 35. fxe5 Nxe5
36. Rxa7 $16) 23. Rb7 $14) 22... a5 23. e3 Nb5 (23... Nf3+ $6 24. Bxf3 (24. Kg2
Nd2 25. Nxd2 Rxd2 26. a4 Bc5 $11) 24... Rxf3 $14) 24. Rd1 (24. Rfc1 Nd6 25.
Nxd6 Rxd6 26. R1c2 Bc5 27. Re4 Re8 $11) 24... Rxd1+ 25. Bxd1 Rd8 26. Bb3 (26.
Bg4 Nd6 $11) 26... Kf8 (26... Kh8 27. a4 Nd6 28. Nxd6 Bxd6 29. Rc6 Bc5 30. Kg2
Rd2 (30... Rd6 31. Rc8+ Kh7 32. Re8 $16) 31. Kf3 e4+ 32. Kxe4 Rxf2 $11) 27. Rc6
Nd6 28. Nxd6 Rxd6 29. Rc7 $14 g5 $2 {[%csl Re4,Rf5,Rg4,Rh5,Rh6]} (29... g6 $5
$14) (29... b5 $2 30. Rb7 a4 31. Bxa4 bxa4 32. Rxb4 $18) 30. Rf7+ $16 Ke8 31.
Rf5 (31. Rb7 Bc5 32. Kg2 Kd8 33. Rh7 b5 $132) 31... Bc3 32. a4 $1 Kd7 33. Rf8 (
33. Kg2 $5 Bb2 34. Kf3 Rd3 35. Bc4 Rd2 36. Kg4 Rc2 37. Bf7 Bc3 38. Kh5 Be1 39.
Kxh6 Rxf2 40. Rxf2 Bxf2 41. Kxg5 Bxe3+ 42. Kf5 $16) 33... Rd2 34. Bc4 (34. Kg2
Bb4 35. Rf6 Bc5 36. Kf3 h5 37. Ke4 $16) 34... Kd6 35. Bb5 $2 $11 (35. Rf6+ $1
Kc5 36. Bb5 Rd6 37. Rf7 Bd2 38. Kg2 Kd5 39. Kf3 Be1 40. Kg4 Ke4 41. h3 $22 $16)
35... Rb2 36. Kf1 (36. Rf6+ Ke7 $1 37. Rxh6 Be1 38. f4 (38. Rh7+ Kf6 $11) 38...
exf4 39. exf4 gxf4 40. gxf4 Bd2 $11) 36... Rb1+ (36... e4 37. Rb8 Kc7 38. Re8
$16) 37. Kg2 Rb2 38. Rf6+ Ke7 39. Rxh6 (39. Rxb6 Be1 40. Rxh6 Rxf2+ 41. Kh3 Bd2
42. Rh7+ Rf7 43. Rxf7+ Kxf7 44. e4 Kg6 45. Kg4 Kf6 $11) 39... Be1 40. Kf3 (40.
Rxb6 Rxf2+ (40... g4 41. Rg6 Bxf2 42. Rxg4 Bxe3+ 43. Kf3 $16) 41. Kh3 Bd2 42.
Bc4 Bxe3 43. Re6+ Kd7 44. Rxe5 Bd2 $11) 40... Rxf2+ 41. Ke4 Bc3 (41... Rg2 42.
Bc4 (42. Kxe5 Rxh2 $1 $11) 42... Kd7 43. Bf1 Rd2 44. Rh5 Kd6 45. Bb5 $16) 42.
Rc6 (42. Rxb6 Rxh2 43. Rg6 Rg2 44. Rxg5 Kf6 45. Rf5+ Ke7 46. Kf3 Rg1 $11) 42...
Bb2 43. Rxb6 Rxh2 44. Rg6 Rh1 45. Rxg5 Re1 46. Rf5 Rg1 47. Rf3 Bc3 48. Bc4 (48.
Kf5 Be1 $1 (48... Rh1 49. e4 Bd4 50. Bc4 (50. g4 Rh8 51. g5 Rf8+ 52. Kg4 Rxf3
53. Kxf3 Kf7 54. Kg4 Kg6 55. Be8+ Kg7 56. Kf5 Bb2 $11) 50... Rh8 51. Kg6 Rc8
52. Bd5 Rc1 53. g4 Ra1 54. Bb3 $16) 49. g4 Rg3 50. Rxg3 Bxg3 $11) 48... Kd6 49.
Kf5 Be1 50. g4 (50. Kg4 e4 51. Rf6+ Kc5 52. Rf1 Rxf1 53. Bxf1 Bc3 54. Kf5 Kd6
$11) 50... Rg3 $1 51. Rxg3 Bxg3 52. Kf6 e4 53. Kf5 Be5 54. Kxe4 Ba1 55. Kf5 Bb2
56. g5 Ba1 57. Kg6 Ke7 58. Kf5 Kd6 59. Bb3 Bb2 60. Ke4 Ba1 1/2-1/2

[Event "St Petersburg-ch"]
[Site "St Petersburg"]
[Date "1996.??.??"]
[Round "2"]
[White "Loginov, Valery A"]
[Black "Orlov, Vassily"]
[Result "1-0"]
[WhiteElo "2525"]
[BlackElo "2430"]
[Annotator "Tsesarsky,I"]
[PlyCount "89"]
[EventDate "1996.04.??"]
[EventType "tourn"]
[EventRounds "13"]
[EventCountry "RUS"]
[EventCategory "11"]
[SourceTitle "CBM 056"]
[Source "ChessBase"]
[SourceDate "1997.02.01"]
[SourceVersion "1"]
[SourceVersionDate "1997.02.01"]
[SourceQuality "1"]

1. Nf3 {Hecht} d5 2. g3 c5 3. Bg2 Nc6 4. d4 e6 5. O-O Nf6 6. c4 h6 $6 (6...
dxc4 {Catalone}) (6... cxd4 7. Nxd4 Qb6 8. Nb5 dxc4 9. N1a3 Bxa3 10. Nxa3 O-O
11. Nxc4 Qc5 12. b3 Rd8 13. Ba3 Qh5 14. Bd6 e5 15. Bxc6 bxc6 16. Qc2 Bf5 17.
Qb2 e4 $132 {1-0 Brunner,L-Almasi,I/Budapest FS06 GM 1993 (32)}) 7. cxd5 exd5
8. Nc3 Be7 9. dxc5 Bxc5 10. Na4 $14 Be7 (10... Bd6 11. b3 O-O 12. Bb2 Be6 13.
Rc1 Qe7 14. Nd4 Nxd4 15. Qxd4 $14 {1-0 Schaller,S-Hahlbohm,M/Dresden op 1992 
(67)}) 11. Be3 O-O 12. Rc1 Ne4 $6 (12... Bg4) 13. Nd4 Bd7 (13... Ne5 14. Nb5)
14. Nxc6 Bxc6 15. Nc3 Re8 16. Bd4 Qd7 17. Qd3 Bb4 (17... Bg5 18. e3 Nxc3 19.
Qxc3 $16) (17... Bf8 18. Rfd1 $16) 18. Bxg7 $1 Bxc3 $8 19. Bxc3 Bb5 $8 20. Qd4
Nxc3 21. Rxc3 Rxe2 (21... Bxe2 22. Rfc1 $18) 22. Rc5 $16 Bc6 23. b4 (23. Bf3)
23... a6 24. a4 Qe8 25. Bxd5 Bxd5 $8 (25... Rd8 26. Qg4+ $18 {[%cal Gd5f7]})
26. Rxd5 Qe4 27. Qd1 $1 {[%cal Gd5d4,Gd4f4] Prevent a Queen change} (27. Rd1)
27... Re8 28. Rd4 Qf5 29. Rf4 $1 Qe5 30. Qd7 Qe7 31. Qg4+ Kh7 32. Rd1 Re1+ $2 (
32... Re6 $16) 33. Rxe1 Qxe1+ {[#]_|_ Hecht Geschwächte schwarze K-Position,
passive schwarze Schwerfiguren ==> Mattangriff} 34. Kg2 $18 Qe7 (34... Re7 35.
Qf5+ Kg8 36. Rg4+ Kf8 37. Qh7 $18 (37. Qc8+ Re8 38. Qxb7 $18)) 35. a5 (35. Qf5+
Kg8 36. Rg4+ Kf8 37. Qh7 Qe6 38. Rg8+ Ke7 39. Rxe8+ Kxe8 40. h4 $16) 35... Rd8
36. Qf5+ Kg7 37. Rg4+ Kh8 (37... Kf8 38. Re4 (38. Qh7 Qe6 39. Rh4 (39. Rg8+ Ke7
40. Rxd8 Kxd8 41. Qd3+ $16) 39... Rd6 40. Re4 Qf6 41. h4 Rd2 42. Rf4 Qc6+ 43.
Kh2 Rd7 44. Rf5 $18) (38. h4 $18) 38... Qd6 39. h4 $18) 38. Re4 Qf8 39. Qf6+
Kg8 40. Re7 Rb8 41. Rc7 Qe8 42. Qxh6 Qe4+ 43. f3 Qe2+ 44. Kh3 Qxf3 45. Rc5 1-0